[Event "Reykjavik op"]
[Site "Reykjavik"]
[Date "2015.03.16"]
[Round "8"]
[White "Edvardsen, Oystein"]
[Black "Valdimarsson, Einar"]
[Result "0-1"]
[WhiteElo "1662"]
[BlackElo "1889"]
[PlyCount "60"]
[EventDate "2015.03.10"]
[EventType "swiss"]
[EventRounds "10"]
[EventCountry "ISL"]
[SourceTitle "CBM 165 Extra"]
[Source "ChessBase"]
[SourceDate "2015.04.21"]
[SourceVersion "1"]
[SourceVersionDate "2015.04.21"]
[SourceQuality "1"]

1. e4 e5 2. f4 d5 3. exd5 exf4 4. Nf3 Nf6 5. Nc3 Nxd5 6. Bc4 Be6 7. Bxd5 Bxd5 8. Nxd5 Qxd5 9. 0-0 Nc6 10. d4 0-0-0 11. Bxf4 Nxd4 12. Nxd4 Qxd4+ 13. Qxd4 Rxd4 14. Be3 Rd7 15. Rf3 f6 16. a4 Bd6 17. h3 Re8 18. Kf1 Re4 19. a5 a6 20. c3 h5 21. b4 Be5 22. Bf2 g5 23. Rb1 g4 24. Rf5 Bxc3 25. b5 axb5 26. Rfxb5 Rd2 27. Bg3 gxh3 28. gxh3 Re3 29. Bxc7 Rf3+ 30. Ke1 Rg2+ 0-1

[Event "Reykjavik op"]
[Site "Reykjavik"]
[Date "2015.03.10"]
[Round "1"]
[White "Wahlbom, Magnus"]
[Black "Edvardsen, Oystein"]
[Result "1-0"]
[WhiteElo "2278"]
[BlackElo "1662"]
[PlyCount "75"]
[EventDate "2015.03.10"]
[EventType "swiss"]
[EventRounds "10"]
[EventCountry "ISL"]
[SourceTitle "CBM 165 Extra"]
[Source "ChessBase"]
[SourceDate "2015.04.21"]
[SourceVersion "1"]
[SourceVersionDate "2015.04.21"]
[SourceQuality "1"]

1. e4 c5 2. Nf3 Nc6 3. d4 cxd4 4. Nxd4 e5 5. Nb5 d6 6. c4 a6 7. N5c3 f5 8. exf5 Bxf5 9. Bd3 Bxd3 10. Qxd3 Nb4 11. Qe2 Nf6 12. 0-0 Be7 13. Ne4 0-0 14. Nbc3 Nxe4 15. Qxe4 Bg5 16. Qxb7 Bxc1 17. Raxc1 Rb8 18. Qe4 Rf4 19. Qe2 Nc6 20. b3 Nd4 21. Qe3 Nf3+ 22. gxf3 Qh4 23. Kh1 Rbf8 24. Rg1 Rxf3 25. Qg5 Qxg5 26. Rxg5 Rxf2 27. Rg2 R2f3 28. Rd2 R8f4 29. Rxd6 Rf2 30. Kg1 Rb2 31. Rd8+ Kf7 32. Rf1 Rxf1+ 33. Kxf1 Rxh2 34. c5 Ke7 35. Rd6 g5 36. Nd5+ Ke8 37. c6 Rxa2 38. c7 1-0

[Event "Drammen CC Autumn"]
[Site "Drammen"]
[Date "2014.09.09"]
[Round "2"]
[White "Edvardsen, Oystein"]
[Black "Lavergren, Karl Ivar"]
[Result "1-0"]
[WhiteElo "1427"]
[BlackElo "900"]
[PlyCount "53"]
[EventDate "2014.08.19"]
[EventType "swiss"]
[EventRounds "6"]
[EventCountry "NOR"]
[SourceTitle "EXT 2024"]
[Source "ChessBase"]
[SourceDate "2023.10.10"]
[SourceVersion "1"]
[SourceVersionDate "2023.10.10"]
[SourceQuality "1"]

1. e4 c5 2. f4 e6 3. Nf3 a6 4. c3 Nc6 5. d4 cxd4 6. cxd4 g6 7. d5 exd5 8. exd5 Nb4 9. d6 Qf6 10. Bc4 Bxd6 11. 0-0 Bxf4 12. Bxf4 Qxf4 13. Qe2+ Ne7 14. Ne5 Qd4+ 15. Kh1 f5 16. Nc3 d5 17. Rad1 Qc5 18. Nxd5 Nexd5 19. Bxd5 Bd7 20. Bf7+ Kd8 21. Rxd7+ Kc8 22. Be6 Kb8 23. Rd5 Qc7 24. Nd7+ Ka7 25. Qe3+ b6 26. Nxb6 Nxd5 27. Nxd5+ 1-0

[Event "Drammen CC-ch"]
[Site "Drammen"]
[Date "2013.03.06"]
[Round "5"]
[White "Edvardsen, Oystein"]
[Black "Berg, Odd Gunstein"]
[Result "1-0"]
[WhiteElo "1463"]
[BlackElo "1341"]
[PlyCount "27"]
[EventDate "2013.01.15"]
[EventType "swiss"]
[EventRounds "9"]
[EventCountry "NOR"]
[SourceTitle "EXT 2024"]
[Source "ChessBase"]
[SourceDate "2023.10.10"]
[SourceVersion "1"]
[SourceVersionDate "2023.10.10"]
[SourceQuality "1"]

1. d4 Nf6 2. c4 d5 3. Nc3 e6 4. Bg5 c6 5. c5 a5 6. e4 dxe4 7. Nxe4 Be7 8. Bxf6 gxf6 9. Nc3 Rg8 10. Qd2 Qd5 11. Nf3 Qh5 12. 0-0-0 Bf8 13. Ne4 Bh6 14. Nxf6+ 1-0

[Event "Drammen CC-ch Class1"]
[Site "Drammen"]
[Date "2012.03.13"]
[Round "6"]
[White "Edvardsen, Oystein"]
[Black "Imsrud, Benjamin"]
[Result "0-1"]
[WhiteElo "1380"]
[BlackElo "1573"]
[PlyCount "64"]
[EventDate "2012.01.17"]
[EventType "swiss"]
[EventRounds "9"]
[EventCountry "NOR"]
[SourceTitle "EXT 2024"]
[Source "ChessBase"]
[SourceDate "2023.10.10"]
[SourceVersion "1"]
[SourceVersionDate "2023.10.10"]
[SourceQuality "1"]

1. d4 d5 2. e3 Nf6 3. Bd3 c5 4. c3 Nc6 5. f4 Bg4 6. Nf3 e6 7. Nbd2 Bd6 8. 0-0 0-0 9. h3 Bf5 10. Ne5 Nd7 11. Be2 Nf6 12. g4 Be4 13. g5 Nd7 14. Nxe4 dxe4 15. Nxd7 Qxd7 16. dxc5 Rfd8 17. Qxd6 Qc8 18. Rd1 Rxd6 19. cxd6 f6 20. h4 fxg5 21. hxg5 e5 22. Bc4+ Kh8 23. d7 Qc7 24. f5 Qd8 25. g6 Qg5+ 26. Kf2 Qxf5+ 27. Ke1 Qxg6 28. b3 Qg3+ 29. Kd2 Qf2+ 30. Be2 Rd8 31. Kc2 Qxe2+ 32. Rd2 Qg4 0-1

[Event "Drammen CC-ch Class1"]
[Site "Drammen"]
[Date "2012.01.17"]
[Round "3"]
[White "Pettersen, Erling"]
[Black "Edvardsen, Oystein"]
[Result "0-1"]
[WhiteElo "1339"]
[BlackElo "1380"]
[PlyCount "50"]
[EventDate "2012.01.17"]
[EventType "swiss"]
[EventRounds "9"]
[EventCountry "NOR"]
[SourceTitle "EXT 2024"]
[Source "ChessBase"]
[SourceDate "2023.10.10"]
[SourceVersion "1"]
[SourceVersionDate "2023.10.10"]
[SourceQuality "1"]

1. e4 c5 2. Nf3 Nc6 3. Bc4 e6 4. 0-0 a6 5. a4 Nf6 6. Re1 b6 7. Nc3 Bb7 8. d3 Qc7 9. h3 Bd6 10. Be3 Ne5 11. Nxe5 Bxe5 12. Qd2 Nh5 13. Rab1 0-0-0 14. Ne2 d5 15. exd5 exd5 16. f4 dxc4 17. fxe5 Qxe5 18. d4 cxd4 19. Nxd4 f5 20. c3 f4 21. Bf2 Qd5 22. Nf3 Qxd2 23. Nxd2 Rxd2 24. Bxb6 Rxg2+ 25. Kf1 Ng3# 0-1

[Event "Drammen CC-ch Class1"]
[Site "Drammen"]
[Date "2011.04.05"]
[Round "8"]
[White "Hanssen, John Christian"]
[Black "Edvardsen, Oystein"]
[Result "0-1"]
[WhiteElo "1344"]
[BlackElo "1399"]
[PlyCount "80"]
[EventDate "2011.01.11"]
[EventType "swiss"]
[EventRounds "9"]
[EventCountry "NOR"]
[SourceTitle "EXT 2024"]
[Source "ChessBase"]
[SourceDate "2023.10.10"]
[SourceVersion "1"]
[SourceVersionDate "2023.10.10"]
[SourceQuality "1"]

1. d4 f5 2. c4 Nf6 3. Nc3 g6 4. Nf3 Bg7 5. e3 0-0 6. Be2 d6 7. 0-0 Qe8 8. Re1 e5 9. dxe5 dxe5 10. Nd5 Na6 11. Nxf6+ Bxf6 12. Qd5+ Kh8 13. Qd1 Bg7 14. Ng5 h6 15. Nh3 f4 16. exf4 Bxh3 17. gxh3 Qe6 18. Bf1 Rad8 19. Qg4 Qf7 20. a3 exf4 21. f3 Nc5 22. Rb1 Nd3 23. Bxd3 Rxd3 24. b3 Bd4+ 25. Kh1 Qf6 26. Qg2 Qc6 27. Rf1 g5 28. Bb2 Bxb2 29. Rxb2 Rfd8 30. Qe2 Re3 31. Qg2 Rdd3 32. h4 Rxf3 33. Rxf3 Rxf3 34. Kg1 Qc5+ 35. Rf2 Qxf2+ 36. Qxf2 Rxf2 37. Kxf2 g4 38. b4 Kg7 39. a4 Kf6 40. c5 Ke5 0-1